| 000 | 01193nam a2200337 4500 | ||
|---|---|---|---|
| 003 | EC-UNACH | ||
| 005 | 20250515163724.0 | ||
| 006 | s||||gr|||| 00| 00 | ||
| 008 | 150116t9999 mx r gr 000 0 spa d | ||
| 020 | _a9789978510278 | ||
| 040 |
_aEC-UNACH _cEC-UNACH |
||
| 041 | _aspa | ||
| 082 | 0 | 4 |
_223 _a300 _bL017775 |
| 110 | _aCentro Andino de Acción Popular (CAAP) | ||
| 245 | _aEstudios y Análisis. Devastación de Democracia en la Sociedad de Mercado | ||
| 250 | _aPrimera edición | ||
| 264 |
_aQuito – Ecuador _bCAAP _c2011 |
||
| 300 |
_a442 páginas _bTablas _c14,5 X 21 cm |
||
| 505 | _aI. Preámbulos de la devastación -- II Devastaciones del Sistema Político -- III Devastaciones de la Sociedad Civil -- IV Devastaciones Antropológicas -- Democracia y Totalitarismo | ||
| 650 | _aPRODUCCIÓN DEL DISCURSO | ||
| 650 | _aLA GUERRA DE IDEAS | ||
| 650 | _aATROFIA DE LO SOCIAL | ||
| 650 | _aGOBERNABILIDAD | ||
| 650 | _aGUBERNAMENTALIDAD | ||
| 700 | _aSánchez-Parga, José | ||
| 942 |
_2ddc _c1 |
||
| 999 | _c13572 | ||